[Event "Januariturneringen"]
[Site "?"]
[Date "2007.01.05"]
[Round "1"]
[White "Kling, Anders"]
[Black "Ahlin, Jim"]
[Result "1-0"]
[WhiteElo "2266"]
[BlackElo "1865"]
[PlyCount "47"]
[EventDate "2007.??.??"]

1. e4 e6 2. d4 c5 3. Nf3 cxd4 4. Nxd4 Nf6 5. Nc3 Bb4 6. e5 Nd5 7. Bd2 Nxc3 8.
bxc3 Be7 9. Bd3 d6 10. f4 Nd7 11. Qe2 dxe5 12. fxe5 a6 13. Nxe6 Qb6 14. Nxg7+
Kd8 15. Nf5 Re8 16. Be3 Bc5 17. O-O Rxe5 18. Nd4 Nf6 19. Rab1 Qd6 20. Bf4 Bxd4+
21. cxd4 Qxd4+ 22. Qf2 Qxf2+ 23. Rxf2 Re6 24. Bg5 1-0

[Event "Januariturneringen"]
[Site "?"]
[Date "2007.01.05"]
[Round "1"]
[White "Stegeby, Henrik"]
[Black "Hjorth, Gunnar"]
[Result "0-1"]
[WhiteElo "1830"]
[BlackElo "2222"]
[PlyCount "58"]
[EventDate "2007.??.??"]

1. e4 d6 2. d4 Nf6 3. Nc3 g6 4. Be3 c6 5. Qd2 b5 6. a3 Nbd7 7. d5 cxd5 8. exd5
a6 9. g3 Bb7 10. Bg2 Nb6 11. Bd4 Bg7 12. h4 h5 13. Ne4 Nxe4 14. Bxe4 Nc4 15.
Qc3 Bxd4 16. Qxd4 Rg8 17. Ne2 Qb6 18. Qxb6 Nxb6 19. Nc3 Rc8 20. O-O-O Rc5 21.
f4 f5 22. Bf3 Kf7 23. Rhe1 Rgc8 24. Rd2 R8c7 25. Kb1 Nc4 26. Rde2 Nxa3+ 27. Ka2
b4 28. bxa3 Rxc3 29. axb4 Rxf3 0-1

[Event "Januariturneringen"]
[Site "?"]
[Date "2007.01.05"]
[Round "1"]
[White "Malmdin, Nils Åke"]
[Black "Josefsson, Kenneth"]
[Result "1-0"]
[WhiteElo "2220"]
[BlackElo "1801"]
[PlyCount "51"]
[EventDate "2007.??.??"]

1. e4 d5 2. exd5 Qxd5 3. Nc3 Qa5 4. d4 Nf6 5. Nf3 e6 6. Bd2 c6 7. Ne4 Qc7 8.
Bd3 Nbd7 9. c4 Nxe4 10. Bxe4 Nf6 11. Bd3 Be7 12. Qe2 b6 13. O-O Bb7 14. Rfe1
O-O 15. b4 Rad8 16. Rac1 Rfe8 17. Bc3 c5 18. bxc5 bxc5 19. d5 exd5 20. Bxf6
gxf6 21. Nh4 Qf4 22. Qh5 h6 23. Re3 Bf8 24. Rg3+ Kh8 25. Qxf7 Qxc1+ 26. Bf1 1-0

[Event "Januariturneringen"]
[Site "?"]
[Date "2007.01.05"]
[Round "1"]
[White "Baghomian, Emin"]
[Black "Wahlström, Arne"]
[Result "0-1"]
[WhiteElo "1759"]
[BlackElo "2161"]
[PlyCount "46"]
[EventDate "2007.??.??"]

1. e4 c5 2. Nf3 d6 3. d4 cxd4 4. Nxd4 Nf6 5. Nc3 a6 6. Be2 e5 7. Nb3 Be7 8. Be3
O-O 9. O-O Be6 10. a4 Nbd7 11. f4 Rc8 12. a5 Re8 13. f5 Bc4 14. Ra4 Bxe2 15.
Nxe2 Ng4 16. Bc1 b5 17. Ra1 Qc7 18. Nc3 Qa7+ 19. Kh1 Nf2+ 20. Rxf2 Qxf2 21. Bd2
Nf6 22. Bg5 b4 23. Ne2 Ng4 0-1

[Event "Januariturneringen"]
[Site "?"]
[Date "2007.01.05"]
[Round "1"]
[White "Nilsson, Dennis"]
[Black "Gylle, Dennis"]
[Result "1-0"]
[WhiteElo "2070"]
[BlackElo "1660"]
[PlyCount "93"]
[EventDate "2007.??.??"]

1. e4 d6 2. d4 Nf6 3. Bd3 g6 4. Nf3 Bg7 5. O-O O-O 6. h3 c6 7. Be3 Qc7 8. Qd2
Re8 9. Nc3 e5 10. dxe5 dxe5 11. Bh6 b6 12. Rad1 Nbd7 13. Be3 Nf8 14. Be2 Bb7
15. Qd6 Qe7 16. Bg5 h6 17. Bxf6 Bxf6 18. Bc4 a5 19. a4 Qxd6 20. Rxd6 Be7 21.
Rd3 Bc5 22. Rfd1 Kg7 23. Nd2 Rad8 24. Nb3 Be7 25. f3 Bc8 26. Ne2 Be6 27. Bxe6
Nxe6 28. Rd7 Kf6 29. Kf2 Rxd7 30. Rxd7 Nc5 31. Nxc5 Bxc5+ 32. Ke1 Re6 33. Nc1
Rd6 34. Rc7 Bd4 35. Nd3 Ke6 36. Ke2 h5 37. c3 Bg1 38. b4 axb4 39. Nxb4 Bc5 40.
Nxc6 Kf6 41. f4 Re6 42. Nxe5 Re7 43. Rxe7 Kxe7 44. Kd3 Ke6 45. Kc4 g5 46. Nd3
gxf4 47. Nxc5+ 1-0

[Event "Januariturneringen"]
[Site "?"]
[Date "2007.01.05"]
[Round "1"]
[White "Heijdenberg, Ronny"]
[Black "Carlsson, Eric"]
[Result "0-1"]
[WhiteElo "1649"]
[BlackElo "2062"]
[PlyCount "38"]
[EventDate "2007.??.??"]

1. e4 Nc6 2. Nf3 e5 3. Nc3 Bc5 4. Bc4 d6 5. d3 h6 6. Be3 a6 7. Bxc5 dxc5 8. Bd5
Nge7 9. Qd2 Bg4 10. Qe3 Nd4 11. O-O-O Bxf3 12. gxf3 c6 13. Bb3 Ng6 14. Rdg1 Qf6
15. Rg3 Nf4 16. Rhg1 g6 17. Kd2 b5 18. Re1 O-O-O 19. Ne2 c4 0-1

[Event "Januariturneringen"]
[Site "?"]
[Date "2007.01.05"]
[Round "1"]
[White "Persson, Per"]
[Black "Prokopic, Novak"]
[Result "1-0"]
[WhiteElo "1997"]
[BlackElo "1523"]
[PlyCount "125"]
[EventDate "2007.??.??"]

1. d4 d5 2. c4 Nf6 3. Nc3 a6 4. cxd5 Nxd5 5. e4 Nxc3 6. bxc3 b5 7. Bd3 Bb7 8.
Ne2 e6 9. Be3 Nd7 10. O-O Nf6 11. f3 c6 12. Qb1 h5 13. c4 Qb6 14. Bf2 g6 15. e5
Nd7 16. Bxg6 Bg7 17. d5 c5 18. dxe6 Qxe6 19. Bf5 Qxc4 20. Bxd7+ Kxd7 21. e6+
fxe6 22. Qd1+ Ke7 23. Rc1 Qxa2 24. Bxc5+ Ke8 25. Qd3 Rh6 26. Qd6 Kf7 27. Qd7+
Kg8 28. Qxb7 Qd5 29. Qxd5 exd5 30. Rfd1 Rd8 31. Rd3 Rc6 32. Be3 Rxc1+ 33. Bxc1
a5 34. Nf4 a4 35. Rxd5 Rb8 36. Nxh5 Bc3 37. Rd3 b4 38. Nf4 a3 39. Bxa3 bxa3 40.
Rxc3 a2 41. Ra3 Rb1+ 42. Kf2 a1=Q 43. Rxa1 Rxa1 44. g4 Kg7 45. h4 Kf6 46. Kg3
Ra3 47. Nh3 Kg6 48. Ng5 Rb3 49. Ne4 Ra3 50. g5 Ra1 51. Kg4 Rg1+ 52. Ng3 Ra1 53.
h5+ Kf7 54. f4 Rg1 55. f5 Ra1 56. Kf4 Ra2 57. h6 Rf2+ 58. Ke5 Rb2 59. g6+ Kg8
60. Kf6 Rg2 61. Ne4 Rh2 62. h7+ Kh8 63. Ng5 1-0

[Event "Januariturneringen"]
[Site "?"]
[Date "2007.01.05"]
[Round "1"]
[White "Nyberg, Roger"]
[Black "Fuentes, Ruben"]
[Result "0-1"]
[WhiteElo "1375"]
[BlackElo "1986"]
[PlyCount "44"]
[EventDate "2007.??.??"]

1. d4 Nf6 2. c4 e6 3. Nf3 Bb4+ 4. Nc3 O-O 5. e3 b6 6. g3 Bb7 7. Bg2 d5 8. Nd2
c5 9. O-O cxd4 10. exd4 Nc6 11. a3 Bxc3 12. bxc3 Na5 13. Re1 dxc4 14. Bxb7 Nxb7
15. Nxc4 Qc7 16. Qf3 Qxc4 17. Qxb7 Qxc3 18. Be3 Nd5 19. Rec1 Qa5 20. Rc2 Rab8
21. Qd7 Rfd8 22. Qc6 Nb4 0-1

[Event "Januariturneringen"]
[Site "?"]
[Date "2007.01.05"]
[Round "1"]
[White "Kärrlander, Gunnar"]
[Black "Lundberg, Magnus"]
[Result "1-0"]
[WhiteElo "1868"]
[BlackElo "1327"]
[PlyCount "53"]
[EventDate "2007.??.??"]

1. d4 d5 2. c4 c6 3. Nf3 Nf6 4. Nc3 Bf5 5. e3 e6 6. Be2 Bd6 7. O-O O-O 8. Nh4
Be4 9. g3 Nbd7 10. f3 Bg6 11. Nxg6 fxg6 12. Qb3 Qc7 13. f4 b6 14. Bd2 c5 15.
cxd5 cxd4 16. exd4 exd5 17. Bf3 Kh8 18. Nb5 Qb8 19. Rfe1 Ne4 20. Bxe4 dxe4 21.
Rxe4 Nf6 22. Re6 Bc7 23. Rc1 Bd8 24. Rce1 a6 25. Bb4 Rg8 26. Nd6 Bc7 27. Nf7#
1-0

[Event "Januariturneringen"]
[Site "?"]
[Date "2007.01.06"]
[Round "2"]
[White "Carlsson, Eric"]
[Black "Kling, Anders"]
[Result "1/2-1/2"]
[WhiteElo "2062"]
[BlackElo "2266"]
[PlyCount "49"]
[EventDate "2007.??.??"]

1. Nc3 c5 2. Nf3 Nc6 3. d4 cxd4 4. Nxd4 g6 5. Bg5 Bg7 6. Ndb5 Nf6 7. Nd5 Nxd5
8. Nd6+ Kf8 9. Qxd5 Qa5+ 10. Qxa5 Nxa5 11. Nxc8 Rxc8 12. O-O-O d6 13. e4 Nc4
14. Bxc4 Rxc4 15. Rhe1 f6 16. Bd2 Kf7 17. Bc3 Rhc8 18. Re2 b5 19. a3 a6 20. Kb1
R8c7 21. f4 f5 22. Bxg7 Kxg7 23. exf5 gxf5 24. g3 R4c5 25. Rde1 1/2-1/2

[Event "Januariturneringen"]
[Site "?"]
[Date "2007.01.06"]
[Round "2"]
[White "Hjorth, Gunnar"]
[Black "Nilsson, Dennis"]
[Result "1-0"]
[WhiteElo "2222"]
[BlackElo "2070"]
[PlyCount "105"]
[EventDate "2007.??.??"]

1. d4 Nf6 2. c4 g6 3. Nc3 Bg7 4. e4 d6 5. Nf3 O-O 6. h3 e5 7. d5 Ne8 8. g4 f6
9. Be3 g5 10. c5 Rf7 11. b4 Nd7 12. Nd2 Nf8 13. Nc4 Ng6 14. f3 Bf8 15. Rb1 h6
16. Qc2 Rh7 17. Qf2 b6 18. a4 Rb8 19. Qa2 h5 20. Rg1 hxg4 21. hxg4 bxc5 22.
bxc5 Rxb1+ 23. Qxb1 dxc5 24. Qb8 Rh2 25. Qxa7 Nh4 26. Rg3 Nd6 27. Bxc5 Rc2 28.
Bxd6 Bxd6 29. Qa5 Qe7 30. Nxd6 Qxd6 31. Kd1 Rb2 32. Qa8 Qc5 33. Qxc8+ Kg7 34.
f4 Qf2 35. Qxc7+ Kh6 36. fxg5+ Kxg5 37. Be2 Qxg3 38. Kc1 Rb4 39. Qc5 Qe1+ 40.
Kc2 Rd4 41. Kb3 Ng2 42. a5 Ne3 43. Qa3 Qd2 44. Qa2 Qc1 45. Qb1 Qd2 46. a6 Nc2
47. Qxc2 Rb4+ 48. Kxb4 Qxc2 49. Bb5 Qb2+ 50. Kc4 Qd2 51. Kb3 Qd4 52. Be2 Kf4
53. Bc4 1-0

[Event "Januariturneringen"]
[Site "?"]
[Date "2007.01.06"]
[Round "2"]
[White "Fuentes, Ruben"]
[Black "Malmdin, Nils Åke"]
[Result "0-1"]
[WhiteElo "1986"]
[BlackElo "2220"]
[PlyCount "76"]
[EventDate "2007.??.??"]

1. e4 d5 2. exd5 Nf6 3. Nf3 Qxd5 4. d4 Bg4 5. Be2 e6 6. c4 Bb4+ 7. Kf1 Qa5 8.
Qb3 Nc6 9. a3 O-O-O 10. Be3 Ne4 11. h3 Bxf3 12. Bxf3 f5 13. Ra2 Be7 14. Bxe4
fxe4 15. Qc3 Qf5 16. Nd2 Bf6 17. g4 Qg6 18. Qc2 Bxd4 19. Qxe4 Bxe3 20. Qxe3
Rxd2 21. Qxd2 Qb1+ 22. Kg2 Qxa2 23. Qc3 e5 24. Re1 Rf8 25. h4 a5 26. Kg3 b6 27.
Qc2 g6 28. g5 Rf4 29. Kh3 Qxc4 30. Qxc4 Rxc4 31. Re2 Rc5 32. Kg3 Nd4 33. Rd2
Kd7 34. f4 Ke6 35. fxe5 Kxe5 36. Rf2 Nf5+ 37. Kh3 Rc4 38. Re2+ Re4 0-1

[Event "Januariturneringen"]
[Site "?"]
[Date "2007.01.06"]
[Round "2"]
[White "Wahlström, Arne"]
[Black "Persson, Per"]
[Result "1-0"]
[WhiteElo "2161"]
[BlackElo "1997"]
[PlyCount "133"]
[EventDate "2007.??.??"]

1. e4 e6 2. d4 d5 3. Nc3 dxe4 4. Nxe4 Nd7 5. Nf3 Ngf6 6. Nxf6+ Nxf6 7. Bd3 Be7
8. O-O O-O 9. Re1 c5 10. dxc5 Bxc5 11. h3 b6 12. Bg5 Bb7 13. Qe2 Be7 14. Rad1
Qc7 15. Ne5 Rad8 16. c3 Rd5 17. Bc2 Rxd1 18. Rxd1 Nd5 19. Bxe7 Qxe7 20. Rd4 f5
21. c4 Nf6 22. Qd2 Qc5 23. Nd7 Qc6 24. f3 Nxd7 25. Rxd7 Rf7 26. Rd8+ Rf8 27.
Rd4 h6 28. Kh1 Bc8 29. b4 Rf7 30. Qe3 Rd7 31. b5 Qc7 32. Qxe6+ Rf7 33. Qd5 Kh7
34. Bb3 Re7 35. Qd6 Qxd6 36. Rxd6 Be6 37. Kg1 g6 38. Kf2 Bf7 39. Rd2 Kg7 40.
Re2 Rc7 41. f4 Kf6 42. Rd2 Ke7 43. Rd4 Be6 44. Ke3 a5 45. bxa6 Ra7 46. Kd3 Rxa6
47. Kc3 Ra5 48. Kb4 Rc5 49. Rd3 Bd7 50. Bd1 Bc6 51. Bf3 Bd7 52. Ra3 Kd6 53. Ra7
Be6 54. Be2 g5 55. Rb7 Rc6 56. g3 b5 57. Rxb5 Ra6 58. a4 Bd7 59. Rd5+ Ke6 60.
a5 Bc6 61. Re5+ Kf6 62. Bd3 Bd7 63. Rc5 Rd6 64. Rd5 Ke7 65. Rxd6 Kxd6 66. c5+
Kc7 67. Kc3 1-0

[Event "Januariturneringen"]
[Site "?"]
[Date "2007.01.06"]
[Round "2"]
[White "Ahlin, Jim"]
[Black "Kärrlander, Gunnar"]
[Result "1/2-1/2"]
[WhiteElo "1865"]
[BlackElo "1868"]
[PlyCount "35"]
[EventDate "2007.??.??"]

1. d4 d5 2. e3 Nf6 3. Nd2 Bf5 4. Bd3 Bxd3 5. cxd3 c6 6. Ngf3 e6 7. O-O Be7 8.
Re1 O-O 9. b3 Na6 10. Bb2 Rc8 11. Qe2 c5 12. dxc5 Nxc5 13. Rec1 Qa5 14. Ne5 Qa6
15. Bd4 Nce4 16. Qd1 Nxd2 17. Qxd2 Ba3 18. Bb2 1/2-1/2

[Event "Januariturneringen"]
[Site "?"]
[Date "2007.01.06"]
[Round "2"]
[White "Prokopic, Novak"]
[Black "Stegeby, Henrik"]
[Result "0-1"]
[WhiteElo "1523"]
[BlackElo "1830"]
[PlyCount "102"]
[EventDate "2007.??.??"]

1. d4 Nf6 2. h3 b6 3. c4 e6 4. a3 Bb7 5. Bd2 c5 6. Bc3 Ne4 7. e3 Be7 8. Nf3 Bh4
9. Nxh4 Qxh4 10. Qc2 O-O 11. g3 Nxg3 12. Rh2 Nf5 13. dxc5 Nxe3 14. Qe2 Nxf1 15.
Kxf1 Qf4 16. Qg4 Qc1+ 17. Ke2 Qc2+ 18. Nd2 Qg6 19. Qxg6 hxg6 20. cxb6 axb6 21.
Rg1 d5 22. Ke3 Nd7 23. f4 Nf6 24. h4 Nh5 25. Bd4 dxc4 26. Nxc4 b5 27. Nd6 Ba6
28. Rg5 Rfd8 29. Nxb5 Bxb5 30. Rxb5 Nxf4 31. Rb7 Ra4 32. Rb4 Nd5+ 33. Ke4 Nxb4
34. axb4 Rxb4 35. Rd2 f5+ 36. Ke3 e5 37. Bc3 Rxd2 38. Kxd2 Rxh4 39. Bxe5 g5 40.
Bc3 g6 41. Ke2 Kf7 42. Kf3 Ke6 43. Kg3 Kd5 44. Kf3 Rh3+ 45. Kg2 Rxc3 46. bxc3
Kc4 47. Kg3 Kxc3 48. Kf3 g4+ 49. Kf4 g5+ 50. Kg3 Kd2 51. Kg2 Ke2 0-1

[Event "Januariturneringen"]
[Site "?"]
[Date "2007.01.06"]
[Round "2"]
[White "Josefsson, Kenneth"]
[Black "Heijdenberg, Ronny"]
[Result "0-1"]
[WhiteElo "1801"]
[BlackElo "1649"]
[PlyCount "120"]
[EventDate "2007.??.??"]

1. e4 e5 2. Nf3 Nc6 3. Bb5 Nf6 4. O-O d6 5. Re1 a6 6. Ba4 b5 7. Bb3 Bg4 8. c3
Na5 9. Bc2 c5 10. h3 Bxf3 11. Qxf3 Nc6 12. a4 b4 13. d3 Be7 14. Bg5 O-O 15. Nd2
a5 16. Nc4 Ra6 17. Rad1 h6 18. Be3 d5 19. exd5 Qxd5 20. Qg3 Nh5 21. Qg4 Nf6 22.
Qg3 Nh5 23. Qh2 bxc3 24. bxc3 e4 25. Bc1 Bf6 26. Bb2 Nb4 27. cxb4 Bxb2 28. Nxb2
Qa2 29. Rb1 cxb4 30. dxe4 Rc6 31. Bd3 Rfc8 32. g4 Nf6 33. e5 Nd5 34. f4 Nc3 35.
Qg2 Nxb1 36. Rxb1 Rc1+ 37. Rxc1 Rxc1+ 38. Kh2 Rc8 39. Bf5 Rd8 40. Bd3 Qa3 41.
Qc2 Qc3 42. Qe2 Qd4 43. Kg3 Rc8 44. Nc4 Kf8 45. h4 b3 46. Kh2 Qxf4+ 47. Kh3 Qd4
48. h5 Rd8 49. Nd6 b2 50. Qf3 f6 51. Bb1 Qxe5 52. Nf5 Rc8 53. Kg2 Qe1 54. Qd3
Qe5 55. Qa3+ Rc5 56. Qf3 Qd5 57. Be4 Qd2+ 58. Qf2 Qxf2+ 59. Kxf2 Rc4 60. Ke3
Rxe4+ 0-1

[Event "Januariturneringen"]
[Site "?"]
[Date "2007.01.06"]
[Round "2"]
[White "Lundberg, Magnus"]
[Black "Baghomian, Emin"]
[Result "0-1"]
[WhiteElo "1327"]
[BlackElo "1759"]
[PlyCount "54"]
[EventDate "2007.??.??"]

1. e4 c5 2. Nf3 d6 3. Nc3 a6 4. g3 Nc6 5. Bg2 g6 6. d3 Bg7 7. O-O e6 8. Be3 Nh6
9. Qc1 Ng4 10. Bd2 Bd7 11. Bg5 Qc7 12. a3 Rc8 13. Rb1 b6 14. Ne2 h6 15. Bd2 a5
16. Bc3 e5 17. Bd2 Be6 18. Nc3 Nf6 19. Nb5 Qb8 20. c4 Nd4 21. Nfxd4 cxd4 22.
Qc2 d5 23. Qa4 O-O 24. exd5 Bf5 25. Rbc1 Bxd3 26. Rfe1 Nd7 27. Be4 Nc5 0-1

[Event "Januariturneringen"]
[Site "?"]
[Date "2007.01.06"]
[Round "2"]
[White "Gylle, Per"]
[Black "Nyberg, Roger"]
[Result "1-0"]
[WhiteElo "1660"]
[BlackElo "1375"]
[PlyCount "51"]
[EventDate "2007.??.??"]

1. e4 e6 2. d4 d5 3. Nd2 Nf6 4. e5 Nfd7 5. Ndf3 c5 6. Be3 b6 7. c3 Ba6 8. Ne2
Nc6 9. g3 cxd4 10. Bxd4 Nxd4 11. Nexd4 Bxf1 12. Kxf1 Be7 13. Qe2 Rc8 14. Kg2
O-O 15. h4 f6 16. Nxe6 Qe8 17. Nxf8 Qxf8 18. Rad1 Rc5 19. Rd3 Qa8 20. Kh2 Rc4
21. Rd4 Rc5 22. Rhd1 fxe5 23. Nxe5 Nf6 24. Nd7 Ne4 25. Nxc5 Bxc5 26. Rxd5 1-0

[Event "Januariturneringen"]
[Site "?"]
[Date "2007.01.06"]
[Round "3"]
[White "Malmdin, Nils Åke"]
[Black "Hjorth, Gunnar"]
[Result "1/2-1/2"]
[WhiteElo "2220"]
[BlackElo "2222"]
[PlyCount "89"]
[EventDate "2007.??.??"]

1. e4 d6 2. d4 Nf6 3. Nc3 g6 4. f4 Bg7 5. a3 O-O 6. Be2 Na6 7. Nf3 c5 8. e5 Ng4
9. h3 cxd4 10. Qxd4 Nh6 11. g4 Kh8 12. Be3 f6 13. exf6 Rxf6 14. Qd2 Ng8 15. Ne4
Rf8 16. O-O-O Nc7 17. Nfg5 Nf6 18. Nxf6 exf6 19. Ne4 d5 20. f5 Qe7 21. Ng3 Bd7
22. h4 Bc6 23. Bd4 Rfe8 24. fxg6 hxg6 25. g5 Ne6 26. gxf6 Bxf6 27. Qh6+ Kg8 28.
Qxg6+ Bg7 29. Nf5 Qc7 30. Bxg7 Nxg7 31. Nh6+ Kh8 32. Bd3 Re4 33. Nf7+ Kg8 34.
Ng5 Qf4+ 35. Kb1 Qf5 36. Bxe4 dxe4 37. Qxf5 Nxf5 38. Rhg1 e3 39. Nh3+ Kf7 40.
Nf4 Nxh4 41. Rg5 Re8 42. Rdg1 e2 43. Re1 Bf3 44. Rg3 Re4 45. Nxe2 1/2-1/2

[Event "Januariturneringen"]
[Site "?"]
[Date "2007.01.06"]
[Round "3"]
[White "Kling, Anders"]
[Black "Wahlström, Arne"]
[Result "1/2-1/2"]
[WhiteElo "2266"]
[BlackElo "2161"]
[PlyCount "50"]
[EventDate "2007.??.??"]

1. e4 c5 2. Nf3 Nc6 3. d4 cxd4 4. Nxd4 Nf6 5. Nc3 e5 6. Nf5 d5 7. exd5 Bxf5 8.
dxc6 Qxd1+ 9. Nxd1 bxc6 10. Ne3 Be6 11. Ba6 Rb8 12. O-O Bc5 13. Nc4 e4 14. Bf4
Rb4 15. b3 Nd5 16. Bg3 Nc3 17. Rfe1 Bd4 18. Kf1 Bxc4+ 19. Bxc4 Rb7 20. Bd6 Rd7
21. Bb4 Kd8 22. Ba5+ Kc8 23. Ba6+ Kb8 24. Bxc3 Bxc3 25. Rad1 Rxd1 1/2-1/2

[Event "Januariturneringen"]
[Site "?"]
[Date "2007.01.06"]
[Round "3"]
[White "Kärrlander, Gunnar"]
[Black "Carlsson, Eric"]
[Result "0-1"]
[WhiteElo "1868"]
[BlackElo "2062"]
[PlyCount "120"]
[EventDate "2007.??.??"]

1. d4 d6 2. c4 e5 3. e3 Nd7 4. Nc3 Ngf6 5. Nf3 g6 6. Be2 Bg7 7. O-O O-O 8. b4
a5 9. b5 Re8 10. a4 e4 11. Nd2 Nf8 12. Ba3 h5 13. Rc1 Bf5 14. Nd5 Ne6 15. Qb3
Ng4 16. c5 c6 17. Nb6 Rb8 18. Nbc4 dxc5 19. Bxc5 Nxc5 20. dxc5 Qh4 21. Bxg4
Bxg4 22. Nd6 Be6 23. Qc2 Bd5 24. N2c4 Re6 25. Rcd1 Be5 26. Nxe5 Rxe5 27. Qc3
Rg5 28. Qb2 Qg4 29. g3 h4 30. Rfe1 hxg3 31. fxg3 Qe6 32. bxc6 Bxc6 33. Rf1 f5
34. Kg2 Rh5 35. Qe2 Bxa4 36. Rd4 Bc6 37. Qf2 a4 38. Ra1 Kg7 39. h4 Rhh8 40. Qf4
Rh5 41. Rf1 Rhh8 42. Qg5 Rbf8 43. Rfd1 f4 44. g4 fxe3 45. Nf5+ Rxf5 46. gxf5
Qxf5 47. Rf1 Qxg5+ 48. hxg5 Rh5 49. Re1 Rxg5+ 50. Kh2 Rxc5 51. Rxe3 Kf6 52.
Rd6+ Kf5 53. Kg3 b5 54. Rd8 b4 55. Rc8 Ke5 56. Rd8 b3 57. Rb8 Kd4 58. Re1 Rc3+
59. Kf4 a3 60. Rd1+ Kc5 0-1

[Event "Januariturneringen"]
[Site "?"]
[Date "2007.01.06"]
[Round "3"]
[White "Nilsson, Dennis"]
[Black "Stegeby, Henrik"]
[Result "1/2-1/2"]
[WhiteElo "2070"]
[BlackElo "1830"]
[PlyCount "104"]
[EventDate "2007.??.??"]

1. e4 c5 2. d4 cxd4 3. c3 d5 4. exd5 Qxd5 5. Nf3 Bg4 6. Be2 Nf6 7. cxd4 e6 8.
O-O Bd6 9. h3 Bh5 10. Nc3 Qf5 11. Nb5 Qd5 12. Bc4 Qc6 13. Qb3 O-O 14. Nxd6 Bxf3
15. Qxf3 Qxd6 16. Qxb7 Nbd7 17. Rd1 Nd5 18. Bxd5 Qxd5 19. Qxd5 exd5 20. Be3
Rfc8 21. Rdc1 Kf8 22. Kf1 Ke8 23. Ke2 Kd8 24. Bd2 Rxc1 25. Rxc1 Rb8 26. b3 Rb7
27. Ba5+ Ke7 28. Rc8 Nf6 29. Rc7+ Rxc7 30. Bxc7 Ne4 31. Ba5 Kd7 32. Be1 Kc6 33.
f3 Nd6 34. Kd3 g5 35. h4 h6 36. g4 f6 37. a4 a6 38. Bg3 Nb7 39. hxg5 hxg5 40.
f4 Nd8 41. fxg5 fxg5 42. Be5 Ne6 43. Bf6 Nf4+ 44. Kc3 Nh3 45. Kb4 Nf2 46. Ka5
Kb7 47. b4 Nxg4 48. Bxg5 Nf2 49. Be7 Ne4 50. Bc5 Nd2 51. b5 axb5 52. Kxb5 Nb3
1/2-1/2

[Event "Januariturneringen"]
[Site "?"]
[Date "2007.01.06"]
[Round "3"]
[White "Persson, Per"]
[Black "Gylle, Per"]
[Result "1-0"]
[WhiteElo "1997"]
[BlackElo "1660"]
[PlyCount "61"]
[EventDate "2007.??.??"]

1. e4 d6 2. d4 Nf6 3. Nc3 g6 4. Be3 Bg7 5. Qd2 Ng4 6. Bg5 h6 7. Bh4 O-O 8. h3
Nf6 9. f4 c6 10. Nf3 Kh8 11. Bd3 Qa5 12. O-O Na6 13. a3 Nc7 14. e5 dxe5 15. b4
exd4 16. bxa5 dxc3 17. Qe2 Ncd5 18. Ne5 Kh7 19. g4 Nd7 20. Nxd7 Bxd7 21. f5
Bd4+ 22. Bf2 Bf6 23. Rab1 b6 24. fxg6+ fxg6 25. Qe4 Be8 26. axb6 axb6 27. Bxb6
Nxb6 28. Rxb6 Rd8 29. Rxf6 exf6 30. Rb7+ Bf7 31. Qxg6+ 1-0

[Event "Januariturneringen"]
[Site "?"]
[Date "2007.01.06"]
[Round "3"]
[White "Baghomian, Emin"]
[Black "Fuentes, Ruben"]
[Result "0-1"]
[WhiteElo "1759"]
[BlackElo "1986"]
[PlyCount "50"]
[EventDate "2007.??.??"]

1. e4 Nf6 2. Nc3 d5 3. e5 Ne4 4. Nce2 g6 5. f3 Nc5 6. b4 Ncd7 7. d4 e6 8. c3 a5
9. Bd2 axb4 10. cxb4 Nc6 11. a3 Nxd4 12. f4 Nf5 13. Qc1 c5 14. Nc3 h5 15. b5
Nb6 16. Nf3 Be7 17. Bd3 d4 18. Ne4 Qd5 19. O-O c4 20. Bb1 Bd7 21. Nf2 d3 22.
Nd1 Qxb5 23. Nc3 Qc5+ 24. Kh1 Bc6 25. Ne1 h4 0-1

[Event "Januariturneringen"]
[Site "?"]
[Date "2007.01.06"]
[Round "3"]
[White "Heijdenberg, Ronny"]
[Black "Ahlin, Jim"]
[Result "1/2-1/2"]
[WhiteElo "1649"]
[BlackElo "1865"]
[PlyCount "111"]
[EventDate "2007.??.??"]

1. e4 d5 2. exd5 Nf6 3. Nc3 Nxd5 4. Nxd5 Qxd5 5. d4 c5 6. Be3 cxd4 7. Qxd4 Qxd4
8. Bxd4 Nc6 9. O-O-O Bf5 10. Bc3 e6 11. h3 Rc8 12. g4 Bg6 13. Bd3 Bxd3 14. Rxd3
Nb4 15. Bxb4 Bxb4 16. f4 Rc7 17. Nf3 Rd7 18. Rhd1 Rxd3 19. Rxd3 Ba5 20. a3 f6
21. Re3 Kf7 22. g5 Rd8 23. Re4 Bb6 24. b4 Rd7 25. h4 Bc7 26. c3 Rd5 27. Nd4
Bxf4+ 28. Rxf4 e5 29. Rf5 Ke7 30. gxf6+ gxf6 31. Kc2 Rd7 32. Ne2 Ke6 33. Rf3 f5
34. h5 Kf6 35. Rg3 f4 36. Rg8 Kf5 37. h6 Rd6 38. Rf8+ Ke4 39. c4 Ke3 40. Nc3
Rxh6 41. Nd5+ Ke4 42. Nf6+ Kd4 43. c5 Rh2+ 44. Kd1 Ra2 45. Rd8+ Ke3 46. Ng4+
Ke4 47. Nf6+ Kf5 48. Nxh7 e4 49. Rd5+ Kg4 50. Nf6+ Kf3 51. Nxe4 Kxe4 52. Rd7
Rxa3 53. Re7+ Kd5 54. Rxb7 a5 55. bxa5 Kxc5 56. Rf7 1/2-1/2

[Event "Januariturneringen"]
[Site "?"]
[Date "2007.01.06"]
[Round "3"]
[White "Nyberg, Roger"]
[Black "Josefsson, Kenneth"]
[Result "1-0"]
[WhiteElo "1375"]
[BlackElo "1801"]
[PlyCount "109"]
[EventDate "2007.??.??"]

1. d4 Nf6 2. c4 d6 3. Nc3 g6 4. Nf3 Bg7 5. e3 O-O 6. Bd3 c5 7. O-O cxd4 8. exd4
b6 9. h3 Bb7 10. Be2 Nbd7 11. Be3 Rc8 12. b3 Ne4 13. Nxe4 Bxe4 14. Qd2 Re8 15.
Rac1 d5 16. Ng5 e5 17. Nxe4 dxe4 18. c5 exd4 19. Bxd4 Nxc5 20. Rcd1 Bxd4 21.
Qxd4 Qxd4 22. Rxd4 Rcd8 23. Rfd1 Rxd4 24. Rxd4 Re7 25. Kf1 Kg7 26. Ke1 f5 27.
g3 h6 28. Kd2 Rd7 29. Rxd7+ Nxd7 30. Ke3 Kf6 31. Kd4 Ke6 32. Bc4+ Kd6 33. Be2
Ne5 34. b4 Nc6+ 35. Kc4 Ke5 36. a3 g5 37. f3 Nd4 38. f4+ gxf4 39. gxf4+ Kxf4
40. Kxd4 Kg3 41. Ke3 a5 42. h4 axb4 43. axb4 Kg2 44. h5 Kg3 45. Bd1 Kg2 46. Kf4
Kf2 47. Kxf5 e3 48. Kg6 Ke1 49. Bg4 Kd2 50. Kxh6 Kc3 51. b5 Kd4 52. Kg5 Ke5 53.
h6 e2 54. Bxe2 Ke6 55. h7 1-0

[Event "Januariturneringen"]
[Site "?"]
[Date "2007.01.06"]
[Round "3"]
[White "Lundberg, Magnus"]
[Black "Prokopic, Novak"]
[Result "1/2-1/2"]
[WhiteElo "1327"]
[BlackElo "1523"]
[PlyCount "57"]
[EventDate "2007.??.??"]

1. e4 c5 2. Nf3 a6 3. Nc3 e6 4. g3 b5 5. Bg2 Bb7 6. d3 Nf6 7. O-O h6 8. Be3 d6
9. Ne2 g5 10. b3 Bg7 11. Rb1 Nc6 12. c4 b4 13. Qd2 Ne7 14. e5 Ng4 15. Bxg5 Nxe5
16. Bxe7 Qxe7 17. Nxe5 Bxe5 18. Bxb7 Qxb7 19. d4 Bf6 20. Qf4 Ke7 21. Rfd1 Bg5
22. Qg4 f5 23. Qh5 Rhf8 24. dxc5 dxc5 25. Rd3 Rfd8 26. Qg6 Rg8 27. Qh5 Rgd8 28.
Qg6 Rg8 29. Qh5 1/2-1/2

[Event "Januariturneringen"]
[Site "?"]
[Date "2007.01.07"]
[Round "4"]
[White "Hjorth, Gunnar"]
[Black "Wahlström, Arne"]
[Result "1-0"]
[WhiteElo "2222"]
[BlackElo "2161"]
[PlyCount "77"]
[EventDate "2007.??.??"]

1. Nf3 d5 2. g3 Nf6 3. Bg2 c6 4. d3 Bg4 5. O-O Nbd7 6. c4 e6 7. Be3 Bd6 8. Nc3
O-O 9. Qb3 Qb8 10. Rfc1 Re8 11. Rab1 Bh5 12. Qd1 Ng4 13. Bd2 Bg6 14. cxd5 exd5
15. b4 Qd8 16. Be1 Qe7 17. Rc2 Ngf6 18. b5 c5 19. Nh4 Qe6 20. Nxg6 hxg6 21. d4
Rac8 22. e3 Nb6 23. Ne2 c4 24. Ba5 Ne4 25. Bxe4 Qxe4 26. Nc3 Qd3 27. Bxb6 axb6
28. Nxd5 Qe4 29. Nxb6 Rc7 30. Rxc4 Rce7 31. Nc8 Re6 32. Nxd6 Rxd6 33. Rbc1 Kh7
34. Rc8 Ree6 35. Rf8 g5 36. Qh5+ Rh6 37. Qxf7 Rdf6 38. Qe8 Qxe8 39. Rxe8 1-0

[Event "Januariturneringen"]
[Site "?"]
[Date "2007.01.07"]
[Round "4"]
[White "Carlsson, Eric"]
[Black "Malmdin, Nils Åke"]
[Result "1/2-1/2"]
[WhiteElo "2062"]
[BlackElo "2220"]
[PlyCount "40"]
[EventDate "2007.??.??"]

1. Nf3 g6 2. g3 Bg7 3. Bg2 d6 4. O-O Nf6 5. d3 O-O 6. e4 e5 7. Nbd2 Be6 8. c3
a5 9. a4 Na6 10. Re1 Nh5 11. Nc4 Nc5 12. b3 Qc8 13. Ba3 Bg4 14. Ne3 Be6 15. Nc4
b6 16. Rc1 Rd8 17. d4 Nb7 18. Qc2 Bxc4 19. bxc4 Qe6 20. Qe2 Qe8 1/2-1/2